Introducción a los partidos políticos
Na minha lista:
| Autor principal: | |
|---|---|
| Formato: | Livro |
| Idioma: | espanhol |
| Publicado em: |
Barcelona
Ariel
1996
|
| Edição: | 1a. ed |
| Colecção: | Ariel Derecho
|
| Assuntos: | |
| Tags: |
Adicionar Tag
Sem tags, seja o primeiro a adicionar uma tag!
|
MARC
| LEADER | 00000nam a2200000 a 4500 | ||
|---|---|---|---|
| 001 | UCL9410 | ||
| 003 | CL-VaPUC | ||
| 008 | 040806e19960000SP |||||||||||||||||spa|d | ||
| 020 | |a 8434415976 | ||
| 082 | 0 | 4 | |a 324.2 |b MAR |2 21 |
| 100 | |a Martínez Sospedra, Manuel |e autor |9 603706 | ||
| 245 | 1 | 0 | |a Introducción a los partidos políticos |
| 250 | |a 1a. ed | ||
| 300 | |a 351 p | ||
| 942 | |c BK | ||
| 945 | |d 20040806 00:00:00 |a cmena | ||
| 260 | |a Barcelona |b Ariel |c 1996 | ||
| 650 | 0 | |a Partidos políticos |9 254999 | |
| 650 | 7 | |a FILOSOFIA POLITICA |2 CL-VaPUC |9 487233 | |
| 583 | |a last modification |c 20040806 00:00:00 |k Rodrigo Vera | ||
| 490 | 0 | |a Ariel Derecho | |
| 999 | |c 310204 |d 310202 | ||
| 952 | |0 0 |1 0 |4 0 |6 324_200000000000000_MAR_1996 |7 0 |8 A |9 378462 |a BIBDER |b BIBDER |d 2019-11-21 |i 4046366 |o 324.2 MAR 1996 |p 4046366 |r 2023-01-25 |w 2019-11-21 |y BK |k DER | ||